| Tag |
First Indicator |
Second Indicator |
Subfields |
| LEADER |
00000cam a2200000 a 4500 |
| 001 |
in00001197021 |
| 005 |
20151002063451.0 |
| 007 |
hd afv---baca |
| 008 |
900718s1864 vauk a 001 0 eng d |
| 035 |
|
|
|a (OCoLC)22094639
|
| 035 |
|
|
|9 AGJ7801AM
|
| 040 |
|
|
|a FEI
|c FEI
|d UtOrBLW
|
| 043 |
|
|
|a n-usu--
|
| 049 |
|
|
|a TXAI
|
| 090 |
|
|
|a E487
|b .C66 1974 reel 74 no. 2413
|
| 099 |
|
|
|a Film
|a B 1664
|a reel 74, no. 2413.
|
| 100 |
1 |
|
|a Fowler, W. H.
|q (William Henry),
|d 1826-1867.
|
| 245 |
1 |
0 |
|a Guide for claimants of deceased soldiers :
|b being instructions to army officers and to claimants, with a collation of the laws of Congress and the orders from the War Department, and the rules of practice in the offices of the second auditor and comptroller of the Treasury, concerning the settlement of the claims of deceased officers and soldiers /
|c by W.H. Fowler.
|
| 250 |
|
|
|a Rev. and approved by the Second Auditor and Comptroller of the Treasury, and adapted to general use.
|
| 264 |
|
1 |
|a Richmond, Va. :
|b G.P. Evans & Co.,
|c 1864.
|
| 300 |
|
|
|a 72 pages :
|b forms ;
|c 19 cm.
|
| 336 |
|
|
|a text
|b txt
|2 rdacontent
|
| 337 |
|
|
|a microform
|b h
|2 rdamedia
|
| 338 |
|
|
|a microfilm reel
|b hd
|2 rdacarrier
|
| 500 |
|
|
|a Cover title: Guide for claimants of deceased soldiers.
|
| 500 |
|
|
|a Includes index.
|
| 500 |
|
|
|a Filmed from the holdings of the Boston Athenaeum.
|
| 533 |
|
|
|a Microfilm.
|b New Haven, Conn. :
|c Research Publications,
|d [1974].
|e On reel 74 of 143 microfilm reels ; 35 mm.
|f (Confederate imprints, 1861-1865 ; reel 74, no. 2413).
|
| 539 |
|
|
|a s
|b 1974
|d ctu
|e n
|
| 500 |
|
|
|a Microform.
|
| 651 |
|
0 |
|a Confederate States of America
|x Claims.
|
| 610 |
1 |
0 |
|a Confederate States of America.
|b Army
|x Pay, allowances, etc.
|
| 710 |
1 |
|
|a Confederate States of America.
|b Department of the Treasury.
|b Second Auditor's Office.
|
| 740 |
0 |
|
|a Guide for claimants of deceased soldiers.
|
| 830 |
|
0 |
|a Confederate imprints, 1861-1865 ;
|v reel 74, no. 2413.
|
| 999 |
|
|
|a MARS
|
| 999 |
f |
f |
|s ed107024-ab2d-37af-8dc2-fc8e873a8e24
|i eb08dde6-c90a-395b-8b20-05899d4876a2
|t 0
|
| 952 |
f |
f |
|p default
|a Texas A&M University
|b College Station
|c Sterling C. Evans Library
|d Evans: Microforms (3rd floor)
|t 0
|e Film B 1664 reel 74, no. 2413.
|h Other scheme
|i microform -- microfilm reel
|
| 998 |
f |
f |
|a Film B 1664 reel 74, no. 2413.
|t 0
|l Evans: Microforms (3rd floor)
|